Việt kiều với sự phát triển thị trường chứng khoán Việt Nam từ bài học của các nước Đông Âu /

Salvato in:
Dettagli Bibliografici
Autore principale: Hoàng Xuân Bình
Natura: Articolo
Lingua:Vietnamese
Soggetti:
Tags: Aggiungi Tag
Nessun Tag, puoi essere il primo ad aggiungerne! !
Thư viện lưu trữ: Thư viện Trường Đại học Đà Lạt
LEADER 00891nam a2200289 4500
001 DLU060056875
040 # # |a DLU  |b vie 
041 # # |a vie 
044 # # |a vn 
100 # # |a Hoàng Xuân Bình 
245 # # |a Việt kiều với sự phát triển thị trường chứng khoán Việt Nam từ bài học của các nước Đông Âu /  |c Hoàng Xuân Bình, Hoàng Đông Quang 
653 # # |a Đông Âu 
653 # # |a Doanh nghiệp 
653 # # |a Thị trường chứng khoán 
653 # # |a Việt kiều 
773 # # |t Nghiên cứu Châu Âu  |g Số 7, 2006, tr.38-43 
920 # # |a Phòng Tạp chí -- Trung tâm Thông tin - Thư viện Trường Đại học Đà Lạt 
933 # # |a QT 
994 # # |a DLU 
900 # # |a True 
911 # # |a Nguyễn Thị Minh Cầm 
925 # # |a G 
926 # # |a A 
927 # # |a BB 
980 # # |a Thư viện Trường Đại học Đà Lạt